| 000 | 01236cam a2200349Ma 4500 | ||
|---|---|---|---|
| 001 | 37610 | ||
| 005 | 20230410101758.0 | ||
| 006 | m d | ||
| 008 | 050114s2004 fr s i000 0 eng d | ||
| 035 | _a(OCoLC)ocm77032331 | ||
| 040 |
_aLVB _bfre _cLVB |
||
| 020 | _a926401831X | ||
| 035 | _a(OCoLC)77032331 | ||
| 050 | 1 | 4 |
_a112 HC 138 _bO68 2004 |
| 245 | 0 | 0 |
_aOECD territorial reviews : _bMexico City. |
| 260 |
_aParis : _bOrganisation for Economic Co-operation and Development, _cc2004. |
||
| 300 | _a148 p. | ||
| 500 | _aTitre de l'ecran-titre (visionne le 22 juillet 2005). | ||
| 500 | _aIn SourceOCDE. | ||
| 506 | _aAccáes reserve aux membres des etablissements autorises. | ||
| 516 | _aDisponible en format PDF | ||
| 530 | _aPublie aussi en version papier. | ||
| 650 | 6 |
_aDeveloppement durable _zMexique _zMexico. |
|
| 651 | 6 |
_aMexico (Mexique) _xConditions economiques. |
|
| 651 | 6 |
_aMexico (Mexique) _xPolitique economique. |
|
| 651 | 6 |
_aMexico (Mexique) _xConditions sociales. |
|
| 710 | 2 | _aOrganisation de cooperation et de developpement economiques. | |
| 740 | 0 | _aSourceOCDE. | |
| 856 | 4 | 0 |
_3Accáes via SourceOCDE _uhttp://new.sourceocde.org/9264018328 |
| 942 |
_2lcc _cbk |
||
| 994 |
_aC0 _bLTN |
||
| 999 |
_c13837 _d13837 |
||